| 000 | 01350cam a2200313 4500 | ||
|---|---|---|---|
| 001 | gardengrowsinede00shaf | ||
| 003 | CaSfIA | ||
| 005 | 20210118085241.0 | ||
| 007 | cr|||| | ||
| 008 | 730314s1972 caua b 001 0 eng | ||
| 010 | _a 73155956 | ||
| 040 |
_aDLC _cDLC _dSJL _dCaSfIA |
||
| 035 | _a(OCoLC)659894 | ||
| 043 | _an-us-ca | ||
| 050 | 0 | 4 |
_aF869.S345 _bS5 |
| 082 | _a917.94/65 | ||
| 100 | 1 | _aShaffer, Harry E. | |
| 245 | 1 | 2 |
_aA garden grows in Eden; _h[electronic resource] _bthe centennial story of San Leandro. |
| 250 | _a[Limited 1st ed.] | ||
| 260 |
_aSan Leandro, Calif., _bSan Leandro Historical-Centennial Committee _c[1972] |
||
| 300 |
_aviii, 234 p. _billus. _c23 cm. |
||
| 504 | _aBibliography: p. 143-151. | ||
| 651 | 0 |
_aSan Leandro (Calif.) _xHistory. |
|
| 856 | 4 | 1 |
_uhttp://www.archive.org/details/gardengrowsinede00shaf _zFree eBook from the Internet Archive |
| 856 | 4 | 2 |
_uhttp://www.openlibrary.org/books/OL5453810M _zAdditional information and access via Open Library |
| 942 | _cEB | ||
| 506 | _fНеобхідна авторизація на https://archive.org/ (створення облікового запису безкоштовно) | ||
| 506 | _fНеобхідна авторизація на https://openlibrary.org/ (створення облікового запису безкоштовно) | ||
| 999 |
_c500081 _d500081 |
||